[Event "Cannes op"]
[Site "Cannes"]
[Date "1990.??.??"]
[Round "8"]
[White "Bernard, Christophe"]
[Black "Lalic, Bogdan"]
[Result "0-1"]
[WhiteElo "2340"]
[BlackElo "2475"]

1.d4 Nf6 2.c4 e6 3.g3 c5 4.d5 exd5 5.cxd5 b5 6.Bg2 d6 7.a4 b4 8.Nd2 a5 9.e4 Nbd7
10.Ne2 Nb6 11.O-O Ra7 12.h3 Be7 13.g4 O-O 14.Ng3 Ba6 15.Re1 Nfd7 16.Nb3 Bc4
17.Nf5 Ne5 18.Bf1 Bxf1 19.Rxf1 Re8 20.f4 Nec4 21.g5 Bf8 22.Qc2 Qc8 23.Kg2 g6
24.Ng3 Bg7 25.Rb1 Qd7 26.Na1 Qxa4 27.b3 Na3 28.bxa4 Nxc2 29.Nxc2 Nxa4 30.Bd2 Nb2
31.Ne3 a4 32.e5 dxe5 33.f5 a3 34.Ne4 Nd3 35.Ng4 Rb8 36.f6 Bf8 37.Nef2 Nxf2
38.Kxf2 a2 39.Ra1 b3 40.Bc3 b2 41.Bxb2 Rxb2+ 42.Kg3 Bd6 43.Rf2 e4+ 44.Kg2 Rxf2+
45.Kxf2 Ra3  0-1

[Event "ESP-chT"]
[Site "?"]
[Date "1990.??.??"]
[Round "?"]
[White "Ruiz, Richard"]
[Black "Cabrera, Gabriel"]
[Result "1/2-1/2"]
[WhiteElo "2220"]
[BlackElo "2230"]

1.d4 Nf6 2.c4 e6 3.g3 c5 4.d5 exd5 5.cxd5 d6 6.Nc3 g6 7.Bg2 Bg7 8.Qa4+ Bd7
9.Qb3 b5 10.Nxb5 Bxb5 11.Qxb5+ Nbd7 12.Nf3 Rb8 13.Qd3  1/2-1/2

[Event "Peer Gynt"]
[Site "Gausdal"]
[Date "1990.??.??"]
[Round "2"]
[White "Carlhammar, Magnus"]
[Black "Stein, Bernd"]
[Result "0-1"]
[WhiteElo "2260"]
[BlackElo "2380"]

1.d4 Nf6 2.c4 e6 3.g3 c5 4.d5 exd5 5.cxd5 d6 6.Bg2 g6 7.e4 Bg7 8.Ne2 O-O
9.O-O Re8 10.Nec3 b5 11.e5 Rxe5 12.Nxb5 Bg4 13.Qb3 Be2 14.Bf4 Bxf1 15.Kxf1 Rf5
16.Bxd6 Ng4 17.N1c3 Rxf2+ 18.Kg1 c4 19.Qb4 Na6 20.Qa3 Qb6  0-1

[Event "Peer Gynt"]
[Site "Gausdal"]
[Date "1990.??.??"]
[Round "6"]
[White "Carlhammar, Magnus"]
[Black "Stefansson, Hannes"]
[Result "0-1"]
[WhiteElo "2260"]
[BlackElo "2420"]

1.d4 Nf6 2.c4 e6 3.g3 c5 4.d5 exd5 5.cxd5 d6 6.Bg2 g6 7.e4 Bg7 8.Ne2 O-O
9.O-O Re8 10.Nec3 Na6 11.Re1 Rb8 12.Bf1 Nc7 13.a4 Nd7 14.h3 Nf8 15.Na3 g5
16.Qh5 h6 17.Bd2 Ng6 18.Rab1 Bd7 19.Nc4 Qf6 20.Bg2 Ne5 21.Nxe5 Rxe5 22.Qd1 Qg6
23.Qb3 b5 24.axb5 Nxb5 25.Nxb5 Bxb5 26.Qa3 Re7 27.b4 c4 28.Bc3 Rbe8 29.Rec1 f5
30.Bxg7 Kxg7 31.Qc3+ Kg8 32.exf5 Qxf5 33.Re1 Re2 34.Rf1 Qe5 35.Qxe5 R8xe5
36.Bf3 Rd2 37.Rfd1 Rxd1+ 38.Rxd1 Kg7 39.Ra1 Re7 40.Rc1 Kf6 41.Bg4 Rc7 42.f4 gxf4
43.gxf4 c3 44.Kf2 c2 45.Ke3 Ba4 46.Kd4 Bb3 47.Be2 Rb7 48.Kc3 Bxd5 49.Bd3 Rc7+
50.Kb2 Be6 51.Bxc2 Bf5  0-1

[Event "URS-Army"]
[Site "Khabarovsk"]
[Date "1990.??.??"]
[Round "?"]
[White "Budnikov, Alexandar"]
[Black "Gogichaishvili, Giorgi"]
[Result "1/2-1/2"]
[WhiteElo "2400"]
[BlackElo "2310"]

1.d4 Nf6 2.c4 e6 3.g3 c5 4.d5 exd5 5.cxd5 d6 6.Bg2 g6 7.Nc3 Bg7 8.Nf3 O-O
9.O-O Re8 10.Bf4 Ne4 11.Nxe4 Rxe4 12.Nd2 Rb4 13.a3 Rxf4 14.gxf4 Bxb2 15.Ra2 Bg7
16.a4 Na6 17.Nc4 Nb4 18.Ra3 b6 19.Qc1 Bh6 20.Re1 Qf6 21.e3 Ba6 22.Rd1 Rb8
23.Nd2 Bd3 24.Rxd3 Nxd3 25.Ne4 Nxc1 26.Nxf6+ Kg7 27.Ne4 Ne2+ 28.Kf1 Nxf4
29.exf4 Bxf4 30.Kg1 c4 31.Nc3 Rc8 32.Bf1 a6 33.Rb1 b5 34.axb5 axb5 35.Rxb5 Bd2
36.Ne4 c3 37.Bd3 c2 38.Bxc2 Rxc2 39.Nxd6 Bf4 40.Ne4 Rc4  1/2-1/2

[Event "Luxembourg op"]
[Site "Luxembourg"]
[Date "1990.??.??"]
[Round "4"]
[White "Lukov, Valentin"]
[Black "Magerramov, Elmar"]
[Result "0-1"]
[WhiteElo "2450"]
[BlackElo "2500"]

1.d4 Nf6 2.c4 e6 3.g3 c5 4.Nf3 cxd4 5.Nxd4 d5 6.Bg2 e5 7.Nf3 d4 8.O-O Nc6
9.e3 Bc5 10.exd4 exd4 11.Nbd2 O-O 12.Nb3 Qb6 13.Bg5 Ne4 14.Bf4 Re8 15.Re1 Bg4
16.h3 Bh5 17.g4 Bg6 18.Nh4 d3 19.Nxc5 Qxc5 20.Re3 Nxf2 21.Kxf2 Qd4 22.Nxg6 fxg6
23.Bg5 Rxe3 24.Bxe3 Rf8+ 25.Bf3 Qxb2+ 26.Kg3 Qe5+ 27.Kg2 Qxe3 28.Bd5+ Kh8
29.Qe1 Qd4 30.Rd1 Ne5 31.Qg1 Qb2+ 32.Kh1 h6 33.Qc5 Re8 34.Rf1 Nd7 35.Qd6 Nf6
36.Bf7 Re7  0-1

[Event "Mar del Plata op"]
[Site "Mar del Plata"]
[Date "1990.??.??"]
[Round "?"]
[White "Glavina, Pablo"]
[Black "Pina, Antonio"]
[Result "1-0"]
[WhiteElo "2390"]
[BlackElo "2295"]

1.d4 Nf6 2.c4 e6 3.g3 c5 4.d5 b5 5.dxe6 fxe6 6.Bg2 d5 7.cxd5 exd5 8.Nc3 Bb7
9.Nxb5 Be7 10.Nh3 O-O 11.O-O Nc6 12.Nf4 Qb6 13.Nc3 d4 14.Ncd5 Nxd5 15.Nxd5 Qd8
16.Qb3 Na5 17.Nxe7+ Kh8 18.Qe6 Bxg2 19.Kxg2 Re8 20.Bg5 Rb8 21.Ng6+ hxg6 22.Qh3+  1-0

[Event "Mar del Plata"]
[Site "Mar del Plata"]
[Date "1990.??.??"]
[Round "4"]
[White "Glavina, Pablo"]
[Black "Rosito, Jorge"]
[Result "1-0"]
[WhiteElo "2390"]
[BlackElo "2305"]

1.d4 Nf6 2.c4 e6 3.g3 c5 4.d5 exd5 5.cxd5 d6 6.Nc3 g6 7.Nf3 Bg7 8.Bg2 O-O
9.O-O Na6 10.Nd2 Nc7 11.Nc4 Nfe8 12.a4 b6 13.Qc2 Ba6 14.b3 b5 15.axb5 Nxb5
16.Rxa6 Bxc3 17.Na3 Nec7 18.Nxb5 Nxb5 19.Bf4 Bg7 20.Be4 Qb8 21.Bd3 Nd4 22.Qc4 Rd8
23.Rb1 Qc7 24.b4 Rab8 25.Rc1 Rbc8 26.Qa2 Qe7 27.Rxa7 Qf6 28.bxc5 g5 29.Be3 dxc5
30.Ra5 Bf8 31.Ra7 Bd6 32.Rc4 Rb8 33.Ra6 Qe5 34.Rc1 Rb2 35.Qa5 Rdb8 36.Bxd4 cxd4
37.Ra8 Kg7 38.Rxb8 Rxb8 39.Rc6 Bb4 40.Qa7 Be1 41.Qd7 Rb2 42.Re6 Qb8 43.Qe7 Rb7
44.Qxg5+ Kh8 45.Qf6+ Kg8 46.Re5 Rb6 47.Bxh7+  1-0

[Event "Moscow (Women)"]
[Site "Moscow"]
[Date "1990.??.??"]
[Round "?"]
[White "Domkute, R."]
[Black "Litinskaya, Marta I"]
[Result "1/2-1/2"]
[WhiteElo "2225"]
[BlackElo "2355"]

1.d4 Nf6 2.c4 e6 3.g3 c5 4.Nf3 cxd4 5.Nxd4 Qb6 6.Bg2 Bc5 7.e3 Nc6 8.Ne2 Ne5
9.b3 d5 10.cxd5 exd5 11.Nbc3 Bg4 12.O-O O-O 13.Na4 Qb5 14.f3 Be6 15.Nxc5 Qxc5
16.Nd4 Qc3 17.Bd2 Qd3 18.Re1 Rfc8 19.Qe2 Qxe2 20.Rxe2 Nd3 21.Be1 Rc5 22.Rd1 Nxe1
23.Rexe1 Rac8 24.Kf2 Kf8 25.Ke2 Bd7 26.Kd2 a5 27.Rc1 Ke7 28.Rxc5 Rxc5 29.Rc1 b6
30.Bf1 Kd6 31.a3 Ne8 32.Rc3 Nc7 33.b4 axb4 34.axb4 Rxc3 35.Kxc3 h6 36.h4 g6  1/2-1/2

[Event "Novi Sad ol (Men)"]
[Site "Novi Sad"]
[Date "1990.??.??"]
[Round "3"]
[White "Hoelzl, Franz"]
[Black "Valiente, Cristobal"]
[Result "1/2-1/2"]
[WhiteElo "2415"]
[BlackElo "2350"]

1.d4 e6 2.c4 Nf6 3.g3 c5 4.d5 exd5 5.cxd5 d6 6.Nc3 g6 7.Bg2 Bg7 8.Nf3 O-O
9.O-O Na6 10.e4 Re8 11.Re1 Nc7 12.a4 Bg4 13.Qb3 Na6 14.Bf4 Nb4 15.Rad1 Qb6
16.h3 Bxf3 17.Bxf3 Nbxd5 18.Qxb6 Nxb6 19.Bxd6 Nfd7 20.Nb5 Ne5 21.Bg2 Red8
22.b3 c4 23.a5 Nbd7 24.bxc4 a6 25.Na3 Rac8 26.f4 Nc6 27.e5 Bf8 28.Rd5 Nb4
29.Rd2 Nc5 30.Red1 Nc6 31.Bxc6 Rxc6 32.Bxf8 Rxd2 33.Rxd2 Kxf8 34.Rb2 f6 35.exf6 Kf7
36.Nc2 Kxf6 37.Nb4 Re6 38.Kf2 Re4 39.Rc2 Nb3 40.Nd3 Nxa5 41.Ne5 Rd4 42.Ke3 Rd8
43.Rb2 Rd1 44.Rb6+ Kg7 45.Ke4 Rh1 46.h4 Rg1 47.g4 Re1+ 48.Kf3 Rf1+ 49.Kg3 Kf8
50.g5 Rc1 51.h5 gxh5 52.Rh6 Kg8 53.Nd7 Nxc4 54.Nf6+ Kf7 55.Nxh5 Rc3+ 56.Kh4 Ne3
57.Rxh7+ Kg6 58.Rh6+ Kf7 59.g6+ Kg8 60.Rh7 Rc6 61.f5 Nxf5+ 62.Kg5 Rxg6+ 63.Kxg6 Nh4+  1/2-1/2

[Event "Novi Sad ol (Men)"]
[Site "Novi Sad"]
[Date "1990.??.??"]
[Round "4"]
[White "Sosonko, Gennadi"]
[Black "Galego, Luis"]
[Result "1/2-1/2"]
[WhiteElo "2520"]
[BlackElo "2360"]

1.d4 Nf6 2.c4 e6 3.g3 c5 4.d5 exd5 5.cxd5 d6 6.Nc3 g6 7.Bg2 Bg7 8.Nf3 O-O
9.O-O Re8 10.h3 a6 11.a4 Ne4 12.Nxe4 Rxe4 13.Bg5 Qc7 14.Qd2 Rb4 15.Ra2 Nd7
16.b3 Rb8 17.a5 b5 18.axb6 Nxb6 19.Qc2 a5 20.Rc1 Bd7 21.Bf4 a4 22.bxa4 Bxa4
23.Qd3 Bb5 24.Qc2 Ba4  1/2-1/2

[Event "Novi Sad ol (Men)"]
[Site "Novi Sad"]
[Date "1990.??.??"]
[Round "11"]
[White "Ardiansyah, Haji"]
[Black "Renet, Olivier"]
[Result "1/2-1/2"]
[WhiteElo "2450"]
[BlackElo "2495"]

1.d4 Nf6 2.c4 e6 3.g3 c5 4.Bg2 cxd4 5.Nf3 e5 6.O-O d6 7.e3 dxe3 8.Bxe3 Be7
9.Qa4+ Nc6 10.b4 O-O 11.Nc3 Be6 12.Rfd1 Ng4 13.b5 Nxe3 14.fxe3 Na5 15.c5 Nc4
16.cxd6 Bxd6 17.Ne4 Qb6 18.Nfg5 Be7 19.Nxe6 Nxe3 20.Nxf8 Nxd1+ 21.Kh1 Ne3
22.Nd7 Qe6 23.Nec5 Bxc5 24.Nxc5 Qf6 25.Qe4 Qf2 26.Qf3 Qb2 27.Re1 Nxg2 28.Qxg2 Qc3
29.Qf2 Rc8 30.Ne4 Qb4 31.Qe2 h6 32.Rd1 Qa4 33.Qg4 Qc2 34.Re1 a6 35.Nd6 Rd8
36.Nf5 g6 37.Nxh6+ Kg7 38.Rf1 Rd4 39.Qg5 Qe4+ 40.Kg1 f6 41.Qxf6+ Kxh6 42.h4 Rd7
43.Qh8+ Rh7 44.Qf8+ Rg7 45.Qc8 axb5 46.Rf8 Qd4+ 47.Kh2 Qd2+ 48.Kh3 Qd7+ 49.Qxd7 Rxd7
50.Re8 Kg7 51.Rxe5 Rd2 52.Rxb5 Rxa2 53.Rxb7+ Kf6 54.Rb4 Ra5 55.Kg4 Kg7 56.Kf4 Rf5+
57.Ke4 Rf1 58.g4 g5 59.Rb7+ Kf6 60.Rb6+ Kg7 61.hxg5 Re1+ 62.Kf3 Rf1+ 63.Kg2 Ra1
64.g6 Ra3  1/2-1/2

[Event "Novi Sad ol (Men)"]
[Site "Novi Sad"]
[Date "1990.??.??"]
[Round "13"]
[White "Pergericht, Daniel"]
[Black "Franco Ocampo, Zenon"]
[Result "1/2-1/2"]
[WhiteElo "2275"]
[BlackElo "2495"]

1.d4 Nf6 2.c4 e6 3.g3 c5 4.d5 exd5 5.cxd5 d6 6.Nc3 g6 7.Nf3 Bg7 8.Bg2 O-O
9.O-O a6 10.a4 Nbd7 11.e4 Rb8 12.a5 Qc7 13.Re1 Re8 14.Bf1 c4 15.h3 b5 16.axb6 Nxb6
17.Be3 Nfd7 18.Bd4 Nc5 19.Bxg7 Kxg7 20.Qd4+ f6 21.Nd2 Bd7 22.Ra3 Bb5 23.b3 cxb3
24.Bxb5 axb5 25.Nxb5 Qe7 26.Nxb3 Nbd7 27.Nxc5 dxc5 28.Qd3 c4 29.Qxc4 Ne5
30.Qf1 Rxb5 31.Qxb5 Qxa3 32.Qxe8 Nf3+ 33.Kf1 Qd3+ 34.Re2 Qd1+ 35.Kg2 Qxe2
36.Qe7+ Kh6 37.Qxf6 Ne1+ 38.Kg1 Qxe4 39.Kf1 Qh1+ 40.Ke2 Qe4+ 41.Kf1 Nf3 42.d6 Nd2+  1/2-1/2

[Event "Novi Sad ol (Men)"]
[Site "Novi Sad"]
[Date "1990.??.??"]
[Round "13"]
[White "Horvath, Jozsef"]
[Black "Vasquez, Rodrigo"]
[Result "1-0"]
[WhiteElo "2540"]
[BlackElo "2415"]

1.d4 Nf6 2.c4 e6 3.g3 c5 4.Nf3 d5 5.cxd5 exd5 6.Bg2 Nc6 7.O-O Be7 8.Nc3 O-O
9.Bg5 cxd4 10.Nxd4 Re8 11.Rc1 h6 12.Be3 Bf8 13.Qa4 Bd7 14.Nxd5 Nxd5 15.Bxd5 Nb4
16.Qb3 Nxd5 17.Qxd5 Bh3 18.Qxd8 Rexd8 19.Rfd1 Rac8 20.f3 Bc5 21.Rc3 Be6 22.a3 Bxd4
23.Bxd4 Rxc3 24.bxc3 b5 25.Kf2 a6 26.g4 f6 27.h4 Kf7 28.Rg1 Rc8 29.e4 g5
30.Rh1 Kg6 31.Kg3 Rg8 32.h5+ Kg7 33.Rd1 Rc8 34.Bf2 Rxc3 35.Rd6 Kf7 36.Rxa6 Rd3
37.Bc5 Rd7 38.Bb4 Bc4 39.Bc3 Be6 40.Rb6 Rd3 41.Bb2 Rb3 42.Rb7+ Kg8 43.Bxf6 Bc4
44.Rg7+ Kf8 45.Rc7 Be2 46.Bc3 Kg8 47.Kf2 Bd1 48.e5 Rxa3 49.e6  1-0

[Event "Prague Metro-B"]
[Site "Prague"]
[Date "1990.??.??"]
[Round "6"]
[White "Priehoda, Vitezslav"]
[Black "Tobyas, Miroslav"]
[Result "1-0"]
[WhiteElo "2415"]
[BlackElo "2310"]

1.d4 Nf6 2.c4 e6 3.g3 c5 4.d5 e5 5.Nc3 d6 6.e4 Be7 7.Bg2 O-O 8.Nge2 Ne8 9.O-O Na6
10.Be3 Bd7 11.f4 Bf6 12.Qd2 h6 13.Kh1 Nac7 14.Rab1 a5 15.a4 Na6 16.b3 Nb4
17.Ng1 exf4 18.gxf4 b6 19.Nf3 g6 20.Rbe1 Bg4 21.h3 Bh5 22.Rg1 Ng7 23.e5 Bxf3
24.Bxf3 dxe5 25.fxe5 Bxe5 26.Bg4 h5 27.Be2 Qh4 28.Bf1 Nf5 29.Bg5 Qd4 30.Rxe5 Qxe5
31.Ne2 Qe4+ 32.Kh2 Rae8 33.Ng3 Nxg3 34.Rxg3 Qc2 35.Qxc2 Nxc2 36.d6 Nd4 37.Bg2 Re6
38.Be7 Rxe7 39.dxe7 Re8 40.Bd5 Kg7  1-0

[Event "Prague Metro-B"]
[Site "Prague"]
[Date "1990.??.??"]
[Round "9"]
[White "Haba, Petr"]
[Black "Tobyas, Miroslav"]
[Result "1-0"]
[WhiteElo "2435"]
[BlackElo "2310"]

1.d4 Nf6 2.c4 e6 3.g3 c5 4.Nf3 cxd4 5.Nxd4 Qb6 6.Bg2 d5 7.O-O Nc6 8.Nb5 a6
9.cxd5 exd5 10.N5c3 d4 11.Na4 Qc7 12.Bf4 Bd6 13.Bxd6 Qxd6 14.Nd2 Be6 15.Rc1 Bd5
16.Bxd5 Nxd5 17.Nf3 Nf6 18.e3 Rd8 19.Nc5 dxe3 20.Qxd6 Rxd6 21.Nxb7  1-0

[Event "Reykjavik op"]
[Site "Reykjavik"]
[Date "1990.??.??"]
[Round "6"]
[White "Razuvaev, Yuri S"]
[Black "Wedberg, Tom"]
[Result "1-0"]
[WhiteElo "2545"]
[BlackElo "2485"]

1.d4 Nf6 2.c4 e6 3.g3 c5 4.d5 exd5 5.cxd5 d6 6.Nc3 g6 7.Nf3 Bg7 8.Bg2 O-O
9.O-O Re8 10.h3 Na6 11.Nd2 Nc7 12.a4 b6 13.Re1 Qe7 14.Rb1 Ba6 15.Nde4 Nd7
16.Bg5 f6 17.Bf4 Ne5 18.g4 f5 19.gxf5 gxf5 20.Ng3 Rf8 21.Qd2 Ng6 22.Nh5 Nxf4
23.Nxf4 Bh6 24.b4 Qh4 25.e3 Bxf4 26.exf4 Rae8 27.bxc5 bxc5 28.Re3 Re7 29.Rg3+ Rg7
30.Rxg7+ Kxg7 31.Nd1 Re8 32.Rb3 Re2 33.Qa5 Re7 34.Rg3+ Kf7 35.Ne3 Bc8 36.Qxa7 Ne8
37.Qb8 Rc7 38.Bf3 Kf8 39.Be2 Qd8 40.Qb6 Qe7 41.Qb2 Qf6 42.Qc2 Rg7 43.Rxg7 Qxg7+
44.Kh2 Qh6 45.Ng2 Nf6 46.Qb3 Ke7  1-0

[Event "Sevilla op"]
[Site "Sevilla"]
[Date "1990.??.??"]
[Round "?"]
[White "Piza Cortizo, Daniel"]
[Black "Izeta Txabarri, Felix"]
[Result "0-1"]
[WhiteElo "2295"]
[BlackElo "2380"]

1.d4 Nf6 2.c4 e6 3.g3 c5 4.d5 exd5 5.cxd5 b5 6.Bg2 d6 7.b4 Na6 8.bxc5 Nxc5
9.Nf3 g6 10.O-O Bg7 11.Nd4 Qb6 12.Nc3 a6 13.Rb1 O-O 14.a4 b4 15.a5 Qxa5 16.Nc6 Qc7
17.Rxb4 Re8 18.Be3 Rxe3 19.fxe3 Ng4 20.Qd2 Bd7 21.Rbf4 f5 22.e4 Re8 23.exf5 gxf5
24.Rxg4 fxg4 25.Qg5 Bc8 26.e4 Nd3 27.Ne2 Kh8 28.Qe3 Ne5 29.Rc1 Qb7 30.Nf4 Bh6
31.Qd4 Kg8 32.Rf1 Nxc6 33.dxc6 Qxc6 34.e5 Qc5 35.Bd5+ Kh8 36.Qxc5 dxc5 37.Rc1 Rxe5
38.Rxc5 Bd7 39.Rc7 Bb5 40.Rc8+ Re8 41.Rc7 Bg7 42.Ne6 Be5 43.Rf7 Bd3 44.Kf2 a5
45.Ke3 Bg6 46.Rf2 a4 47.Ba2 a3 48.Kd2 Rb8 49.Kc1 h6 50.Nf8 Be4 51.Nd7 Rc8+
52.Kd2 Rc2+ 53.Ke1 Rxf2 54.Kxf2 Bd4+ 55.Ke2 Kg7  0-1

[Event "Tarrassa"]
[Site "Tarrassa"]
[Date "1990.??.??"]
[Round "2"]
[White "Nogueiras, Jesus"]
[Black "Bellon Lopez, Juan Manuel"]
[Result "1/2-1/2"]
[WhiteElo "2555"]
[BlackElo "2445"]

1.d4 Nf6 2.c4 e6 3.g3 c5 4.Nf3 cxd4 5.Nxd4 Qc7 6.Nd2 Nc6 7.Nb5 Qa5 8.Bg2 a6
9.Nc3 Be7 10.O-O O-O 11.a3 d6 12.e3 Bd7 13.Qe2 Rac8 14.Rd1 Qc7 15.b3 Rfd8
16.Bb2 Qb8 17.Rac1 Be8 18.h3  1/2-1/2

[Event "Zuerich op"]
[Site "Zuerich"]
[Date "1990.??.??"]
[Round "?"]
[White "Hausner, Ivan"]
[Black "Mascarinas, Rico"]
[Result "1/2-1/2"]
[WhiteElo "2440"]
[BlackElo "2470"]

1.d4 Nf6 2.c4 e6 3.g3 c5 4.d5 exd5 5.cxd5 d6 6.Nc3 g6 7.Bg2 Bg7 8.Nf3 O-O
9.O-O a6 10.a4 Nbd7 11.Bf4 Ne8 12.Qd2 Rb8 13.Rab1 Nb6 14.e4 Bg4 15.Rfc1 Nc4
16.Qd3 Bxf3 17.Qxc4 Bxg2 18.Kxg2 Nc7 19.b4 b5 20.Qd3 c4 21.Qd2 bxa4 22.Bh6 Bxh6
23.Qxh6 Nb5 24.Nxa4 f5 25.Qe3 f4 26.gxf4 Qh4 27.f5 Rbe8 28.Rxc4 gxf5 29.Rg1 fxe4
30.Qg3+ Qxg3+ 31.hxg3 e3 32.fxe3 Rxe3 33.Rg4+ Kh8 34.Rf1 Rxf1 35.Kxf1 Re5
36.Nb6 Nc3 37.Rc4 Nxd5 38.Nxd5 Rxd5 39.Rc6  1/2-1/2

[Event "EU-ch U20"]
[Site "Aalborg"]
[Date "1991.??.??"]
[Round "?"]
[White "Chloupek, Stanislav"]
[Black "Jepson, Christian"]
[Result "0-1"]
[WhiteElo "2365"]
[BlackElo "2235"]

1.d4 Nf6 2.c4 e6 3.g3 c5 4.d5 exd5 5.cxd5 d6 6.Nc3 g6 7.Bg2 Bg7 8.Nf3 O-O
9.O-O a6 10.a4 Re8 11.Bf4 Qe7 12.Nd2 Nh5 13.Be3 Nd7 14.Nc4 Ne5 15.Nb6 Rb8
16.Qc1 f5 17.Bg5 Qf8 18.Bd2 h6 19.a5 g5 20.Ra3 Kh8 21.Nca4 Re7 22.b4 c4 23.f4 Ng4
24.Qxc4 gxf4 25.gxf4 Qe8 26.e3 Nhf6 27.h3 Ne4 28.Bc1 Ngf6 29.Rd3 Bd7 30.Nxd7 Rxd7
31.Nb6 Re7 32.Bb2 Rd8 33.Kh2 Qh5 34.Bxe4 Nxe4 35.Qc2 Kh7 36.Rg1 Rg8 37.Rdd1 Bxb2
38.Qxb2 Reg7 39.Qc2 Rxg1 40.Rxg1 Rxg1 41.Kxg1 Qxh3 42.Qe2 Qg3+ 43.Kf1 Qh3+
44.Kg1 Qg3+ 45.Kf1 Qg7 46.Qc2 Qg4 47.Nc4 Qf3+ 48.Kg1 Ng3 49.Qg2 Qd1+ 50.Kh2 Nf1+  0-1

[Event "Acasusso op"]
[Site "Acasusso"]
[Date "1991.??.??"]
[Round "7"]
[White "Madina, Martin"]
[Black "Markeluk, Sergio"]
[Result "1-0"]
[WhiteElo "2285"]
[BlackElo "2375"]

1.d4 Nf6 2.c4 e6 3.g3 c5 4.Nf3 cxd4 5.Nxd4 d5 6.Bg2 e5 7.Nf3 d4 8.O-O Nc6
9.e3 Bc5 10.exd4 exd4 11.Re1+ Be6 12.Nbd2 O-O 13.a3 a5 14.b3 Qd6 15.Ng5 Bf5
16.Nde4 Nxe4 17.Nxe4 Bxe4 18.Bxe4 Rfe8 19.Bf4 Qf8 20.Qd3 h6 21.a4 Bb4 22.Re2 Bc3
23.Rd1 Qc5 24.Qf3 Rad8 25.Bd5 Rxe2 26.Bxf7+ Kf8 27.Bd5 Qe7 28.Bd6+ Ke8 29.Bxe7 Rxe7
30.Bxc6+ bxc6 31.Qxc6+ Kf8 32.Rd3 Rf7 33.c5 Kg8 34.Qe6 Kf8 35.c6 Re8 36.Qd6+ Kg8
37.c7 Rc8 38.Qd8+ Rf8 39.Qd7 Kh8 40.Rf3 Rfe8 41.Rf7  1-0

[Event "AUT-chT"]
[Site "?"]
[Date "1991.??.??"]
[Round "?"]
[White "Hoelzl, Franz"]
[Black "Kwatschewsky, Leo"]
[Result "1/2-1/2"]
[WhiteElo "2390"]
[BlackElo "2305"]

1.d4 Nf6 2.c4 e6 3.g3 c5 4.d5 exd5 5.cxd5 d6 6.Nc3 g6 7.Bg2 Bg7 8.Nf3 O-O
9.O-O Re8 10.Bf4 a6 11.a4 Qc7 12.a5 Nbd7 13.Qa4 Rb8 14.Nd2 Ne5 15.Bxe5 Rxe5
16.Nc4 Bd7 17.Qb3 Ree8 18.h4 Rbd8 19.Rfe1 Bc8 20.e4 Nh5 21.Ne2 Nf6 22.e5 dxe5
23.d6 Qd7 24.Nc3 e4 25.Rad1 Qc6 26.g4 h6 27.Qc2 Re6 28.Nxe4 Nxe4 29.Rxe4 Qb5
30.Rf4 Rf6 31.Rxf6 Bxf6 32.Be4 Kg7 33.Rd3 Qb4 34.Kg2 h5 35.Rb3 Qa4 36.gxh5 Bf5
37.h6+ Kxh6 38.Qd2+ Kg7 39.Rxb7 Rd7 40.b3 Qa1 41.Rb8 Qb1 42.Re8 Qxb3 43.Ne3 Rxd6
44.Nxf5+ gxf5  1/2-1/2

[Event "JUG-ch"]
[Site "Banja Vrucica"]
[Date "1991.??.??"]
[Round "?"]
[White "Nikolic, Boban"]
[Black "Vratonjic, Slobodan"]
[Result "0-1"]
[WhiteElo "2285"]
[BlackElo "2375"]

1.d4 Nf6 2.c4 e6 3.g3 c5 4.Nf3 cxd4 5.Nxd4 a6 6.Bg2 Qc7 7.O-O Be7 8.Nc3 O-O
9.Bf4 d6 10.Nb3 Nbd7 11.Rc1 Ne5 12.Qd4 Ng6 13.Be3 Nd7 14.Rfd1 Rd8 15.Ne4 Nc5
16.Nexc5 dxc5 17.Qe4 Rf8 18.f4 Rb8 19.Rd2 a5 20.Rcd1 a4 21.Nc1 Bf6 22.Nd3 b6
23.Nf2 a3 24.b3 Ne7 25.Ng4 Bc3 26.Rd6 Nf5 27.Qc6 Qxc6 28.Rxc6 h5 29.Rd3 Bd4
30.Bxd4 Nxd4 31.Ne5 Nxc6 32.Nxc6 Rb7 33.Ne5 Rc7 34.Rd6 f6 35.Nd3 b5 36.cxb5 c4
37.bxc4 Rxc4 38.Rc6 Rxc6 39.Bxc6 Kf7 40.Nc5 Ke7 41.e4 Kd6 42.Nd3 e5 43.Kf2 Bd7
44.Bxd7 Kxd7 45.Nc5+ Ke7 46.Ke3 Rb8 47.Na4 exf4+ 48.gxf4 Rxb5 49.Nc3 Rb2
50.h4 Rh2 51.Kd4  0-1

[Event "Berliner Sommer"]
[Site "Berlin"]
[Date "1991.??.??"]
[Round "?"]
[White "Beim, Valery"]
[Black "Dautov, Rustem"]
[Result "0-1"]
[WhiteElo "2480"]
[BlackElo "2595"]

1.d4 Nf6 2.c4 e6 3.g3 c5 4.d5 exd5 5.cxd5 b5 6.Bg2 d6 7.Nh3 g6 8.O-O Bg7
9.a4 b4 10.Nd2 Nbd7 11.e4 Ba6 12.Re1 O-O 13.f4 Re8 14.Nf2 c4 15.Nf3 Bb7 16.Bd2 a5
17.Rc1 Nb6 18.Bf1 Rc8 19.Bh3 Nfd7 20.Qc2 b3 21.Qb1 Nxa4 22.Bxa5 Qxa5 23.Bxd7 Nxb2
24.Bxe8 Rxe8  0-1

[Event "Berliner Sommer"]
[Site "Berlin"]
[Date "1991.??.??"]
[Round "?"]
[White "Heinig, Wolfram"]
[Black "Psakhis, Lev"]
[Result "0-1"]
[WhiteElo "2330"]
[BlackElo "2575"]

1.d4 Nf6 2.c4 e6 3.g3 c5 4.Nf3 cxd4 5.Nxd4 Qb6 6.Nc3 Nc6 7.Nb3 Ne5 8.e4 Bb4
9.Qe2 d6 10.f4 Nc6 11.Be3 Bxc3+ 12.bxc3 Qc7 13.Bg2 O-O 14.O-O b6 15.e5 dxe5
16.fxe5 Nd7 17.Nd4 Bb7 18.Bf4 Na5 19.Bxb7 Nxb7 20.Rad1 Na5 21.Qg4 Kh8 22.Qh5 Nxc4
23.Nf3 Qc5+ 24.Kg2 Qc6 25.Kh3 f6 26.exf6 Nxf6 27.Qh4 e5 28.Bc1 b5 29.Ng5 h6
30.Nf3 Kg8 31.Bxh6 Qe6+ 32.Kg2 Ng4 33.Bc1 Nce3+ 34.Kg1 Nxd1 35.Ng5 Rxf1+
36.Kxf1 Qf5+  0-1

[Event "Biel op"]
[Site "Biel"]
[Date "1991.??.??"]
[Round "4"]
[White "Gurevich, Dmitry"]
[Black "Koenig, Wolfgang"]
[Result "1-0"]
[WhiteElo "2470"]
[BlackElo "2365"]

1.d4 Nf6 2.c4 e6 3.g3 c5 4.Nf3 cxd4 5.Nxd4 Be7 6.Bg2 O-O 7.Nc3 a6 8.O-O Qc7
9.Bg5 h6 10.Bxf6 Bxf6 11.Ne4 Be7 12.Rc1 d6 13.Qd2 Nc6 14.Rfd1 Rd8 15.b4 Qb6
16.Nxc6 bxc6 17.c5 dxc5 18.bxc5 Rxd2 19.cxb6 Rxd1+ 20.Rxd1 a5 21.b7 Bxb7
22.Rd7  1-0

[Event "Budapest Kasparov"]
[Site "Budapest"]
[Date "1991.??.??"]
[Round "12"]
[White "Lukacs, Peter"]
[Black "Luther, Thomas"]
[Result "1/2-1/2"]
[WhiteElo "2460"]
[BlackElo "2470"]

1.d4 Nf6 2.c4 e6 3.g3 c5 4.Nf3 cxd4 5.Nxd4 d5 6.Bg2 e5 7.Nb3 d4 8.O-O a5
9.Bg5 Nc6 10.N1d2 Be7 11.a3 O-O 12.Qc2  1/2-1/2

[Event "Cacak-B"]
[Site "Cacak"]
[Date "1991.??.??"]
[Round "9"]
[White "Rabrenovic, Vladan"]
[Black "Palkovi, Jozsef"]
[Result "1/2-1/2"]
[WhiteElo "2285"]
[BlackElo "2460"]

1.d4 Nf6 2.c4 e6 3.g3 c5 4.d5 exd5 5.cxd5 d6 6.Nc3 g6 7.Bg2 Bg7 8.Nf3 O-O
9.O-O a6 10.a4 Nbd7 11.Nd2 Re8 12.h3 Rb8 13.Nc4 Nb6 14.Na3 Bd7 15.e4 Nc8
16.Qd3 Qc7 17.Rb1 c4 18.Nxc4 b5 19.Ne3 b4 20.Ne2 Bxa4 21.Nd4 Nd7 22.Qxa6 Nc5
23.Qc4 Qb6 24.b3 Nxe4 25.Ne6 Bb5 26.Qxe4 Bxf1 27.Bxf1 fxe6 28.dxe6 Qd4 29.Qf3 Rf8
30.Qg2 Qa7 31.Bb2 Nb6 32.Bxg7 Qxg7 33.Rd1 Qe7 34.Qe4 Rf6 35.Qxb4 Rb7  1/2-1/2

[Event "Cappelle op"]
[Site "Cappelle la Grande"]
[Date "1991.??.??"]
[Round "?"]
[White "Kesmaecker, Philippe"]
[Black "Wians, Camille"]
[Result "1-0"]
[WhiteElo "2220"]
[BlackElo "2355"]

1.d4 Nf6 2.c4 e6 3.g3 c5 4.Nf3 cxd4 5.Nxd4 Nc6 6.Bg2 Qb6 7.Nb5 Bc5 8.O-O a6
9.Nd6+ Ke7 10.Nxc8+ Raxc8 11.a3 Rhd8 12.b4 Bxf2+ 13.Rxf2 Ng4 14.c5 Qc7 15.Rf4 Nce5
16.h3 Nf6 17.Be3 d6 18.Kh2 h5 19.Nc3 d5 20.Qc2 Ng6 21.Raf1 h4 22.Kh1 hxg3
23.Rd4 Rh8 24.Bg5 Rh5 25.Rxd5 Rch8 26.Bxf6+ gxf6 27.Rxh5 Rxh5 28.Ne4 f5 29.Nd6 b6
30.Qc3 f4 31.Qg7  1-0

[Event "Cheliabinsk"]
[Site "Cheliabinsk"]
[Date "1991.??.??"]
[Round "?"]
[White "Panchenko, Alexander N"]
[Black "Savon, Vladimir A"]
[Result "1/2-1/2"]
[WhiteElo "2445"]
[BlackElo "2465"]

1.d4 Nf6 2.c4 e6 3.g3 c5 4.Nf3 cxd4 5.Nxd4 d5 6.Bg2 e5 7.Nf3 d4 8.O-O Nc6
9.e3 Bc5 10.exd4 exd4 11.Re1+ Be6 12.Ng5 O-O 13.Nxe6 fxe6 14.Nd2 d3 15.Nb3 Bd4
16.Bf4 Bxb2 17.Rb1 Bc3 18.Bd2 Bd4 19.Be3 Bc3 20.Bd2 Bd4  1/2-1/2

[Event "Cheliabinsk-B"]
[Site "Cheliabinsk"]
[Date "1991.??.??"]
[Round "?"]
[White "Gleizerov, Evgeny"]
[Black "Panchenko, Alexander N"]
[Result "1/2-1/2"]
[WhiteElo "2510"]
[BlackElo "2445"]

1.d4 Nf6 2.c4 e6 3.g3 c5 4.d5 exd5 5.cxd5 d6 6.Nc3 g6 7.Bg2 Bg7 8.Nf3 O-O
9.O-O Re8 10.h3 a6 11.a4 Nbd7 12.Nd2  1/2-1/2

[Event "Telecom op"]
[Site "Dublin"]
[Date "1991.??.??"]
[Round "?"]
[White "Parker, Jonathan"]
[Black "Levitt, Jonathan"]
[Result "1-0"]
[WhiteElo "2310"]
[BlackElo "2490"]

1.d4 Nf6 2.c4 e6 3.g3 c5 4.d5 exd5 5.cxd5 g6 6.Bg2 Bg7 7.Nc3 O-O 8.Nf3 d6
9.O-O a6 10.a4 Re8 11.Bf4 Nh5 12.Bg5 f6 13.Be3 f5 14.Qd2 Nd7 15.Bg5 Qc7 16.Rfe1 Ndf6
17.Rac1 Qf7 18.Rcd1 Qf8 19.Qc2 h6 20.Bc1 g5 21.b3 Bd7 22.a5 Re7 23.Ba3 Rae8
24.e3 Rf7 25.b4 Ne4 26.Nxe4 fxe4 27.Nd2 Bg4 28.Rc1 cxb4 29.Bxb4 Rxf2 30.Rf1 Rxf1+
31.Rxf1 Qe7 32.Nxe4 Be5 33.Nxd6 Bxd6 34.Qg6+ Ng7 35.Bxd6 Qxe3+ 36.Kh1 Be2
37.Rf7 Qc1+ 38.Bf1 Qxf1+ 39.Rxf1 Bxf1  1-0